[Event "NRW Class2 0809"]
[Site "Germany"]
[Date "2009.04.26"]
[Round "9.5"]
[White "Scharnowski, Tobias"]
[Black "Muhren, Bianca"]
[Result "0-1"]
[WhiteElo "2129"]
[BlackElo "2278"]
[PlyCount "120"]
[EventDate "2008.09.21"]
[EventType "tourn"]
[EventRounds "9"]
[EventCountry "GER"]
[SourceTitle "EXT 2010"]
[Source "ChessBase"]
[SourceDate "2010.11.25"]
[SourceVersion "1"]
[SourceVersionDate "2010.11.25"]
[SourceQuality "1"]
[WhiteTeam "Guetersloh"]
[BlackTeam "Castrop Rauxel"]
[WhiteTeamCountry "GER"]
[BlackTeamCountry "GER"]

1. e4 c5 2. Nf3 e6 3. d4 cxd4 4. Nxd4 Nc6 5. Nc3 Qc7 6. Ndb5 Qb8 7. Be3 a6 8. Nd4 Nf6 9. g4 h5 10. gxh5 Rxh5 11. f4 e5 12. fxe5 Qxe5 13. Nxc6 dxc6 14. Bd4 Qg5 15. Be2 Ng4 16. h3 Ne3 17. Qd3 Ng2+ 18. Kf2 Nf4 19. Qg3 Qxg3+ 20. Kxg3 Nxe2+ 21. Nxe2 Bd6+ 22. Kg2 Be6 23. b3 0-0-0 24. Raf1 Rh4 25. Kf3 f6 26. Bf2 Rxh3+ 27. Rxh3 Bxh3 28. Rg1 g5 29. Bd4 c5 30. Bc3 Bd7 31. e5 Bc6+ 32. Kf2 fxe5 33. Rxg5 e4 34. Be5 Be7 35. Rg7 Rf8+ 36. Nf4 Re8 37. Ke3 Bf8 38. Rg5 Kd7 39. Rh5 Bd6 40. Rh7+ Re7 41. Rxe7+ Bxe7 42. Ng6 Bd8 43. Nf4 Bg5 44. a4 c4 45. Kd4 cxb3 46. cxb3 Bd8 47. Kc5 Be7+ 48. Kc4 Ba3 49. Ne2 b5+ 50. Kc3 bxa4 51. bxa4 Bxa4 52. Kd2 Ke6 53. Bd4 Bb5 54. Nc3 Bc6 55. Ne2 a5 56. Ke3 a4 57. Bc3 Kd5 58. Bf6 Kc4 59. Nc3 Bc1+ 60. Ke2 a3 0-1

[Event "NRW-ch U18"]
[Site "Kranenburg"]
[Date "2008.03.27"]
[Round "5"]
[White "Wittenberg, Andreas"]
[Black "Scharnowski, Tobias"]
[Result "1/2-1/2"]
[WhiteElo "1944"]
[BlackElo "2105"]
[PlyCount "39"]
[EventDate "2008.03.24"]
[EventType "swiss"]
[EventRounds "7"]
[EventCountry "GER"]
[SourceTitle "EXT 2009"]
[Source "ChessBase"]
[SourceDate "2008.11.26"]
[SourceVersion "1"]
[SourceVersionDate "2008.11.26"]
[SourceQuality "1"]

1. d4 d5 2. Nf3 e6 3. c4 dxc4 4. e3 Nf6 5. Bxc4 a6 6. 0-0 c5 7. Qe2 Qc7 8. b3 Nc6 9. Bb2 b5 10. Bd3 Nb4 11. Rc1 Bb7 12. Nbd2 Rc8 13. dxc5 Bxc5 14. Bxb5+ axb5 15. a3 Qb6 16. axb4 Bxb4 17. Rxc8+ Bxc8 18. Nd4 0-0 19. N2f3 Ba6 20. Nc2 1/2-1/2

[Event "NRW-ch U16"]
[Site "Kranenburg"]
[Date "2007.04.13"]
[Round "6"]
[White "Tkachuk, Konstantyn"]
[Black "Scharnowski, Tobias"]
[Result "1-0"]
[WhiteElo "2135"]
[BlackElo "2106"]
[PlyCount "63"]
[EventDate "2007.04.09"]
[EventType "swiss"]
[EventRounds "7"]
[EventCountry "GER"]
[SourceTitle "EXT 2008"]
[Source "ChessBase"]
[SourceDate "2007.11.25"]
[SourceVersion "1"]
[SourceVersionDate "2007.11.25"]
[SourceQuality "1"]

1. e4 c5 2. Nf3 d6 3. d4 cxd4 4. Nxd4 Nc6 5. Nc3 a6 6. Bc4 e6 7. Bb3 Nge7 8. 0-0 Na5 9. Qf3 Qc7 10. Re1 b5 11. Qg3 Bb7 12. f3 g6 13. Bg5 Bg7 14. Ncxb5 axb5 15. Nxb5 Qb8 16. Nxd6+ Kf8 17. Qf4 e5 18. Qxe5 Nd5 19. Bh6 f6 20. Bxg7+ Kxg7 21. Qg3 Nxb3 22. cxb3 Ne7 23. e5 f5 24. Qg5 Qa7+ 25. Kh1 Bd5 26. Qf6+ Kh6 27. e6 Kh5 28. Nf7 h6 29. Nxh8 Qb7 30. Nxg6 Bxf3 31. Nf4+ Kg4 32. Qg7+ 1-0

[Event "NRW-ch U16"]
[Site "Kranenburg"]
[Date "2007.04.12"]
[Round "5"]
[White "Scharnowski, Tobias"]
[Black "Mazarov, Juergen"]
[Result "1-0"]
[WhiteElo "2106"]
[BlackElo "2061"]
[PlyCount "95"]
[EventDate "2007.04.09"]
[EventType "swiss"]
[EventRounds "7"]
[EventCountry "GER"]
[SourceTitle "EXT 2008"]
[Source "ChessBase"]
[SourceDate "2007.11.25"]
[SourceVersion "1"]
[SourceVersionDate "2007.11.25"]
[SourceQuality "1"]

1. e4 c5 2. Nf3 d6 3. d4 cxd4 4. Nxd4 Nf6 5. Nc3 a6 6. Be3 e6 7. f3 b5 8. Qd2 Nbd7 9. 0-0-0 Nb6 10. Qf2 Nfd7 11. Kb1 Qc7 12. g4 Bb7 13. h4 Rc8 14. Bd3 Nc4 15. Bxc4 Qxc4 16. g5 b4 17. Na4 d5 18. Nb3 Qc7 19. f4 dxe4 20. Rhf1 Bc6 21. Nb6 Nxb6 22. Bxb6 Qb8 23. Qd4 Bd5 24. f5 Rc4 25. Qf2 Bd6 26. Na5 Rc8 27. fxe6 Bxe6 28. Qd4 e3 29. Qxd6 e2 30. Qxb4 Qa8 31. Rfe1 exd1Q+ 32. Rxd1 Qg2 33. c3 h6 34. g6 Qxg6+ 35. Ka1 Qf6 36. Nb7 Qf3 37. Nd6+ Ke7 38. Nxc8+ Kf6 39. Qd4+ Kg6 40. Rg1+ Kh5 41. Nd6 Qd5 42. Qxd5+ Bxd5 43. Rxg7 Kxh4 44. c4 Be6 45. Ne4 Bxc4 46. Bf2+ Kh3 47. Rg3+ Kh2 48. Bg1+ 1-0

[Event "GER-chT U16"]
[Site "Bendorf"]
[Date "2006.12.30"]
[Round "7.1"]
[White "Scharnowski, Tobias"]
[Black "Seemann, Semjon"]
[Result "1/2-1/2"]
[WhiteElo "2120"]
[BlackElo "1975"]
[PlyCount "59"]
[EventDate "2006.12.27"]
[EventType "team-swiss"]
[EventRounds "7"]
[EventCountry "GER"]
[SourceTitle "EXT 2008"]
[Source "ChessBase"]
[SourceDate "2007.11.25"]
[SourceVersion "1"]
[SourceVersionDate "2007.11.25"]
[SourceQuality "1"]
[WhiteTeam "Guetersloh"]
[BlackTeam "Stader SV"]
[WhiteTeamCountry "GER"]
[BlackTeamCountry "GER"]

1. e4 c5 2. Nf3 Nc6 3. d4 cxd4 4. Nxd4 Nf6 5. Nc3 e5 6. Ndb5 d6 7. Bg5 a6 8. Na3 b5 9. Bxf6 gxf6 10. Nd5 Bg7 11. c3 f5 12. exf5 Bxf5 13. Nc2 Be6 14. Nce3 Ne7 15. Nxe7 Qxe7 16. Bd3 d5 17. 0-0 0-0 18. a4 b4 19. Nf5 Bxf5 20. Bxf5 Qg5 21. Qd3 bxc3 22. Bxh7+ Kh8 23. bxc3 f5 24. Bxf5 Rxf5 25. Qxd5 Rd8 26. Qb7 Qf6 27. Rad1 Rxd1 28. Rxd1 Rxf2 29. Qc8+ Kh7 30. Qh3+ 1/2-1/2

[Event "GER-chT U16"]
[Site "Bendorf"]
[Date "2006.12.28"]
[Round "3.1"]
[White "Rudolf, Sebastian"]
[Black "Scharnowski, Tobias"]
[Result "1-0"]
[WhiteElo "2028"]
[BlackElo "2120"]
[PlyCount "55"]
[EventDate "2006.12.27"]
[EventType "team-swiss"]
[EventRounds "7"]
[EventCountry "GER"]
[SourceTitle "EXT 2008"]
[Source "ChessBase"]
[SourceDate "2007.11.25"]
[SourceVersion "1"]
[SourceVersionDate "2007.11.25"]
[SourceQuality "1"]
[WhiteTeam "Dresden Gruen Weiss"]
[BlackTeam "Guetersloh"]
[WhiteTeamCountry "GER"]
[BlackTeamCountry "GER"]

1. e4 c5 2. Nf3 d6 3. d4 cxd4 4. Nxd4 Nf6 5. Nc3 a6 6. Be3 e6 7. Be2 Qc7 8. g4 b5 9. g5 Nfd7 10. a3 Bb7 11. f4 Nc6 12. Qd2 Nxd4 13. Bxd4 e5 14. Be3 exf4 15. Bxf4 Be7 16. 0-0-0 Ne5 17. h4 0-0 18. h5 Rad8 19. g6 fxg6 20. Nd5 Bxd5 21. Qxd5+ Kh8 22. hxg6 h6 23. Bxh6 gxh6 24. Rxh6+ Kg7 25. Rh7+ Kxg6 26. Qe6+ Rf6 27. Qh3 Rf2 28. Qh6# 1-0

[Event "Dortmund op-A"]
[Site "Dortmund"]
[Date "2005.07.17"]
[Round "9"]
[White "Scharnowski, Tobias"]
[Black "Krallmann, Matthias"]
[Result "0-1"]
[WhiteElo "2135"]
[BlackElo "2250"]
[PlyCount "84"]
[EventDate "2005.07.08"]
[EventType "swiss"]
[EventRounds "9"]
[EventCountry "GER"]
[SourceTitle "CBM 107 Extra"]
[Source "ChessBase"]
[SourceDate "2005.09.01"]
[SourceVersion "1"]
[SourceVersionDate "2005.09.01"]
[SourceQuality "1"]

1. e4 c5 2. Nf3 e6 3. d4 cxd4 4. Nxd4 a6 5. Bd3 Bc5 6. Nb3 Be7 7. Nc3 Qc7 8. Bd2 Nf6 9. Qe2 d6 10. 0-0 Nbd7 11. f4 b5 12. Rae1 b4 13. Nd1 0-0 14. Kh1 Rb8 15. Nf2 e5 16. Ng4 a5 17. fxe5 dxe5 18. Bg5 a4 19. Nd2 Bb7 20. Nc4 Rfe8 21. Nxf6+ Bxf6 22. Bd2 Bc6 23. Ne3 Qb7 24. Nf5 Re6 25. Bc4 Bb5 26. Bxb5 Qxb5 27. Qxb5 Rxb5 28. c4 bxc3 29. Bxc3 Nc5 30. Re2 g6 31. Nh6+ Kf8 32. Ng4 Bg7 33. Rd1 h5 34. Rd5 hxg4 35. Rxc5 Rxc5 36. Bb4 Ke8 37. Bxc5 Rc6 38. Bg1 Rc1 39. g3 f5 40. Kg2 f4 41. Rd2 f3+ 42. Kf2 Bf8 0-1

[Event "Dortmund op-A"]
[Site "Dortmund"]
[Date "2005.07.12"]
[Round "5"]
[White "Hecker, Andreas"]
[Black "Scharnowski, Tobias"]
[Result "0-1"]
[WhiteElo "1941"]
[BlackElo "2135"]
[PlyCount "82"]
[EventDate "2005.07.08"]
[EventType "swiss"]
[EventRounds "9"]
[EventCountry "GER"]
[SourceTitle "CBM 107 Extra"]
[Source "ChessBase"]
[SourceDate "2005.09.01"]
[SourceVersion "1"]
[SourceVersionDate "2005.09.01"]
[SourceQuality "1"]

1. d4 d5 2. c4 dxc4 3. Nc3 a6 4. a4 Nc6 5. Nf3 Bg4 6. e3 Na5 7. Be2 Bxf3 8. Bxf3 e6 9. 0-0 f5 10. e4 Nf6 11. exf5 exf5 12. Re1+ Be7 13. Qe2 Nb3 14. Bxb7 Rb8 15. Bc6+ Kf8 16. Rb1 Nxd4 17. Qxc4 Rb4 18. Qxa6 Rb6 19. Qa5 Rxc6 20. Be3 Rd6 21. Bxd4 Rxd4 22. Qxf5 Qd7 23. Qf3 Kf7 24. Rbc1 Rc8 25. Ne4 Kg8 26. Ng5 c6 27. Qc3 Nd5 28. Ne6 Rg4 29. Qh3 Rxa4 30. Qg3 Bd6 31. Qg5 Bf4 32. Nxf4 Rxf4 33. g3 Rb4 34. Re2 Rb6 35. Rce1 Rf8 36. h4 Qd8 37. Qg4 Qf6 38. Qc4 Rxb2 39. Rxb2 Qxb2 40. f4 Qb6+ 41. Kh2 Qf2+ 0-1

[Event "Bielefeld Gr2"]
[Site "Bielefeld"]
[Date "2005.05.16"]
[Round "7"]
[White "Fenner, Martin"]
[Black "Scharnowski, Tobias"]
[Result "1-0"]
[WhiteElo "2106"]
[BlackElo "2135"]
[PlyCount "69"]
[EventDate "2005.05.13"]
[EventType "tourn"]
[EventRounds "7"]
[EventCountry "GER"]
[SourceTitle "EXT 2006"]
[Source "ChessBase"]
[SourceDate "2005.11.24"]
[SourceVersion "1"]
[SourceVersionDate "2005.11.24"]
[SourceQuality "1"]

1. d4 d5 2. c4 dxc4 3. e4 Nc6 4. d5 Ne5 5. f4 Bg4 6. Qa4+ Bd7 7. Qc2 Nd3+ 8. Bxd3 cxd3 9. Qxd3 e6 10. Nc3 exd5 11. Nxd5 Nf6 12. Nf3 Nxd5 13. Qxd5 Bc6 14. Qc4 Qe7 15. Kf2 Qc5+ 16. Qxc5 Bxc5+ 17. Be3 Bxe3+ 18. Kxe3 0-0-0 19. Ne5 Bb5 20. a4 Ba6 21. Rhd1 f6 22. Nf3 Bc4 23. Rd4 Be6 24. Rad1 Bg4 25. h3 Rxd4 26. Rxd4 Bxf3 27. gxf3 Rd8 28. f5 a5 29. f4 Rxd4 30. Kxd4 b6 31. h4 g6 32. fxg6 hxg6 33. f5 gxf5 34. h5 Kd7 35. h6 1-0

[Event "Bielefeld Gr2"]
[Site "Bielefeld"]
[Date "2005.05.15"]
[Round "5"]
[White "Kapitza, Mathias"]
[Black "Scharnowski, Tobias"]
[Result "0-1"]
[WhiteElo "2020"]
[BlackElo "2135"]
[PlyCount "66"]
[EventDate "2005.05.13"]
[EventType "tourn"]
[EventRounds "7"]
[EventCountry "GER"]
[SourceTitle "EXT 2006"]
[Source "ChessBase"]
[SourceDate "2005.11.24"]
[SourceVersion "1"]
[SourceVersionDate "2005.11.24"]
[SourceQuality "1"]

1. b3 Nf6 2. Bb2 e6 3. e3 b6 4. f4 Bb7 5. Nf3 Be7 6. Be2 c5 7. 0-0 0-0 8. Ne5 d6 9. Bf3 Nd5 10. Nd3 Qc7 11. Nc3 Nxc3 12. Bxc3 Nd7 13. Bxb7 Qxb7 14. Qg4 Bf6 15. Bxf6 Nxf6 16. Qh4 Rfe8 17. f5 e5 18. g4 h6 19. Qg3 Nd7 20. g5 hxg5 21. Qxg5 Nf6 22. Rae1 Kf8 23. Re2 Ke7 24. Rg2 Rh8 25. Qg3 Rh7 26. Ne1 Rah8 27. d4 Rh3 28. Qf2 Qe4 29. dxe5 dxe5 30. Nf3 Ng4 31. Qe2 Qxe3+ 32. Kh1 Nxh2 33. Rxh2 Qxe2 0-1

[Event "Bielefeld Gr2"]
[Site "Bielefeld"]
[Date "2005.05.14"]
[Round "2"]
[White "Calder, Dennis"]
[Black "Scharnowski, Tobias"]
[Result "0-1"]
[WhiteElo "2053"]
[BlackElo "2135"]
[PlyCount "62"]
[EventDate "2005.05.13"]
[EventType "tourn"]
[EventRounds "7"]
[EventCountry "GER"]
[SourceTitle "EXT 2006"]
[Source "ChessBase"]
[SourceDate "2005.11.24"]
[SourceVersion "1"]
[SourceVersionDate "2005.11.24"]
[SourceQuality "1"]

1. d4 Nf6 2. Bg5 e6 3. e4 h6 4. Bxf6 Qxf6 5. Nc3 d6 6. Qd2 c6 7. g3 e5 8. dxe5 dxe5 9. 0-0-0 Bb4 10. a3 Ba5 11. Bc4 Be6 12. Bxe6 Qxe6 13. Nge2 Nd7 14. Qd6 Qxd6 15. Rxd6 0-0-0 16. Rhd1 Nf6 17. h3 Rxd6 18. Rxd6 Rd8 19. Rxd8+ Kxd8 20. Kd2 Nxe4+ 21. Ke3 Nxc3 22. bxc3 Kd7 23. Ke4 Ke6 24. g4 g6 25. f4 f5+ 26. gxf5+ gxf5+ 27. Kd3 e4+ 28. Kc4 Bb6 29. h4 h5 30. Ng3 Bf2 31. Nxh5 Kf7 0-1

[Event "NRW-ch U14"]
[Site "Kranenburg"]
[Date "2005.03.30"]
[Round "4"]
[White "Czybik, Nils Patrick"]
[Black "Scharnowski, Tobias"]
[Result "1/2-1/2"]
[WhiteElo "1811"]
[BlackElo "2112"]
[PlyCount "69"]
[EventDate "2005.03.28"]
[EventType "swiss"]
[EventRounds "7"]
[EventCountry "GER"]
[SourceTitle "CBM 105 Extra"]
[Source "ChessBase"]
[SourceDate "2005.05.01"]
[SourceVersion "1"]
[SourceVersionDate "2005.05.01"]
[SourceQuality "1"]

1. e4 c5 2. Nf3 d6 3. d4 cxd4 4. Nxd4 Nf6 5. Nc3 a6 6. a4 b6 7. Bd3 Bb7 8. Qe2 Nbd7 9. f4 Qc7 10. Be3 e6 11. 0-0 Be7 12. Nb3 0-0 13. g4 Nc5 14. Nxc5 bxc5 15. g5 c4 16. Bxc4 Nxe4 17. Nxe4 Bxe4 18. Bxa6 Qxc2 19. Qxc2 Bxc2 20. Bb5 d5 21. Rfc1 Be4 22. a5 Rab8 23. Bc6 Bd3 24. a6 Bxa6 25. Rxa6 Rxb2 26. Bd4 Re2 27. h4 Bd6 28. f5 Bg3 29. fxe6 fxe6 30. Bd7 Bxh4 31. Bxe6+ Kh8 32. Rc7 Bf2+ 33. Bxf2 Rexf2 34. Bxd5 R2f5 35. Raa7 1/2-1/2

[Event "NRW-ch U14"]
[Site "Kranenburg"]
[Date "2005.03.28"]
[Round "1"]
[White "Scharnowski, Tobias"]
[Black "Kelbling, Philipp"]
[Result "1-0"]
[WhiteElo "2112"]
[BlackElo "1575"]
[PlyCount "45"]
[EventDate "2005.03.28"]
[EventType "swiss"]
[EventRounds "7"]
[EventCountry "GER"]
[SourceTitle "CBM 105 Extra"]
[Source "ChessBase"]
[SourceDate "2005.05.01"]
[SourceVersion "1"]
[SourceVersionDate "2005.05.01"]
[SourceQuality "1"]

1. e4 c5 2. Nf3 e6 3. d4 cxd4 4. Nxd4 Nf6 5. Bd3 a6 6. 0-0 Qc7 7. Qe2 d6 8. Kh1 Be7 9. f4 Nbd7 10. c4 b6 11. Nc3 Bb7 12. Bd2 Rc8 13. Rae1 Nc5 14. Bb1 e5 15. Nf5 0-0 16. fxe5 dxe5 17. Nd5 Nxd5 18. exd5 Bf6 19. Qg4 Kh8 20. Ng3 Be7 21. Nh5 g6 22. Bh6 Qd7 23. Bf5 1-0

[Event "Dortmund op-A"]
[Site "Dortmund"]
[Date "2004.07.29"]
[Round "7"]
[White "Hegemann, Eike"]
[Black "Scharnowski, Tobias"]
[Result "1-0"]
[WhiteElo "2115"]
[BlackElo "1817"]
[PlyCount "45"]
[EventDate "2004.07.??"]
[EventType "swiss"]
[EventRounds "9"]
[EventCountry "GER"]
[SourceTitle "EXT 2006"]
[Source "ChessBase"]
[SourceDate "2005.11.24"]
[SourceVersion "1"]
[SourceVersionDate "2005.11.24"]
[SourceQuality "1"]

1. e4 c5 2. Nf3 e6 3. b3 d6 4. c4 Nf6 5. Nc3 a6 6. d4 cxd4 7. Nxd4 Qc7 8. Bb2 b6 9. Bd3 Bb7 10. 0-0 Nbd7 11. Qe2 Be7 12. Rad1 0-0 13. Kh1 Rfe8 14. f4 Nc5 15. Bb1 d5 16. exd5 exd5 17. Nxd5 Nxd5 18. cxd5 Bf6 19. Qc2 g6 20. b4 Bxd5 21. bxc5 Be4 22. Qf2 Qxc5 23. f5 1-0

[Event "NRW-ch U14"]
[Site "Wolfsburg"]
[Date "2004.04.16"]
[Round "6"]
[White "Savchenko, Aleksij"]
[Black "Scharnowski, Tobias"]
[Result "1/2-1/2"]
[WhiteElo "1765"]
[BlackElo "1762"]
[PlyCount "120"]
[EventDate "2004.04.??"]
[EventType "swiss"]
[EventRounds "7"]
[EventCountry "GER"]
[SourceTitle "EXT 2005"]
[Source "ChessBase"]
[SourceDate "2004.11.15"]
[SourceVersion "1"]
[SourceVersionDate "2004.11.15"]
[SourceQuality "1"]

1. d4 d5 2. c4 dxc4 3. Nf3 Nf6 4. e3 Bg4 5. Bxc4 e6 6. Nbd2 Nbd7 7. 0-0 Bd6 8. Re1 Qe7 9. e4 e5 10. Qb3 0-0 11. d5 Rab8 12. a4 Ne8 13. h3 Nc5 14. Qc2 Bd7 15. b4 Na6 16. b5 Nc5 17. Nb3 Nxb3 18. Bxb3 h6 19. Bb2 Nf6 20. Kh2 Nh5 21. g4 Nf4 22. Rg1 Rfe8 23. Rg3 Rbc8 24. g5 h5 25. Nh4 g6 26. Ng2 Nxg2 27. Rxg2 c6 28. Qe2 cxd5 29. Bxd5 Be6 30. Rd1 Bxd5 31. Rxd5 Rc5 32. Qd2 Rxd5 33. Qxd5 Rc8 34. f3 Rc5 35. Qd3 Rc8 36. Rd2 Bc7 37. Qd7 Qxd7 38. Rxd7 b6 39. Kg3 Bb8 40. Rb7 Kf8 41. Ba3+ Kg7 42. Be7 Kg8 43. h4 Kh7 44. Rd7 Kg8 45. Rd3 Kg7 46. Rd7 Bc7 47. Kf2 Kg8 48. Ke3 Kg7 49. Kd3 Bb8 50. Rd8 Rxd8+ 51. Bxd8 Kf8 52. Kc4 Bd6 53. Kd5 Bc5 54. Kxe5 Bf2 55. Kf4 Bxh4 56. Bc7 Ke7 57. Bb8 Kd7 58. Be5 Be1 59. Ke3 Bb4 60. Bg3 Bd6 1/2-1/2